e-Learning technologies and evidence-based assessment approaches [

"This book aims to provide readers with a variety of contemporary solutions to identified educational problems of practice related to the assessment of student learning in e-learning environments"--Provided by publisher.

Bibliographic Details
Main Authors: Lajbcygier, Paul (Author), Spratt, Christine (Author)
Format: Book
Language:English
Published: Hershey, PA : Information Science Reference , c2009
Series:Advances in information and communication technology education (AICTE) series
Subjects:
Online Access:NetLibrary

MARC

LEADER 00000cam a2200000 7i4500
001 0000070607
005 20200213093000.0
008 110227s2009 pau eng
020 |a 1605664111 (electronic bk.) 
020 |a 9781605664101 
020 |a 9781605664118 (electronic bk.) 
090 0 0 |a LB1028.5   |b .E19 2009 
245 1 0 |a e-Learning technologies and evidence-based assessment approaches [  |h electronic resource]   |c Christine Spratt and Paul Lajbcygier, editors 
260 |a Hershey, PA :   |b Information Science Reference ,   |c c2009 
300 |a 1 online resource (xxix, 313 p.) :   |b ill 
490 1 |a Advances in information and communication technology education (AICTE) series 
500 |a "Premier reference source" 
500 |a Description based on print version record 
504 |a Includes bibliographical references and index 
520 |a "This book aims to provide readers with a variety of contemporary solutions to identified educational problems of practice related to the assessment of student learning in e-learning environments"--Provided by publisher. 
650 0 |a Computer-assisted instruction   |x Evaluation 
650 0 |a Educational technology   |x Evaluation 
650 0 |a Web-based instruction   |x Evaluation 
700 1 |a Lajbcygier, Paul ,   |e author 
700 1 |a Spratt, Christine ,   |e author 
856 4 0 |3 NetLibrary   |u http://www.netlibrary.com/urlapi.asp?action=summary&v=1&bookid=254026 
999 |a 1000137244   |b Electronic Resource   |c OPEN SHELF (30 DAYS)   |e Gong Badak Campus